| 000 | 00530nam a22001937a 4500 | ||
|---|---|---|---|
| 003 | OSt | ||
| 005 | 20140310182208.0 | ||
| 008 | 130905t xxu||||| |||| 00| 0 eng d | ||
| 020 | _a9781850159025 | ||
| 050 |
_aBV 4900 _b.W924 1996 |
||
| 082 |
_aHS 153.3 _bE5 1996 |
||
| 100 |
_aExley, Helen _916574 |
||
| 245 |
_aWords of comport _c edited by Helen Exley. |
||
| 260 |
_aNew York : _bExley, _cc1996. |
||
| 300 |
_a27 p. : _bill. ; _c16 cm |
||
| 650 |
_a Inspirational words. _916573 |
||
| 942 |
_2lcc _cHS |
||
| 999 |
_c10380 _d10380 |
||